| 000 | 00651nam a2200205 4500 | ||
|---|---|---|---|
| 003 | AM-YEHGA | ||
| 040 | _aAM-YeHGA | ||
| 942 |
_2udc _cBK |
||
| 001 | 1734904 | ||
| 005 | 20250617160817.0 | ||
| 008 | 210209s1961 ru a||||r|||||00||||rus|| | ||
| 041 | 0 | _arus | |
| 245 | 0 | 0 |
_aСталь : _bСборник статей / _cРед. А. М. Ямпольский. |
| 260 |
_aМосква : _bМеталлургиздат, _c1961. |
||
| 300 |
_a492 с. : _bил.; _c21 см. |
||
| 650 | 1 | 4 | _aПроизводство стали |
| 650 | 1 | 4 | _aЧерная металлургия |
| 700 | 1 |
_aЯмпольский, А. М. _eред _4edt |
|
| 090 | _c463621 | ||
| 999 |
_c460536 _d460536 |
||